الأنوار الكاشفة لما في كتاب العشماوي من الخطأ والتضليل والمجازفة / (رقم التسجيلة. 5056)

تفاصيل مارك
000 -الفاتح
عناصر البيانات ثابتة الطول 00737cam a2200181 i 4500
005 - تاريخ ووقت آخر معاملة
حقل ضبط 20251228090317.0
008 - عناصر البيانات ثابتة الطول
عناصر البيانات ثابتة الطول 250721q9999 ua gr 000 0 ara d
020 ## - الترقيم الدولي المعياري للكتب (ردمك)
الترقيم الدولي المعياري للكتب (ردمك) 977261770
082 14 - رقم تصنيف ديوي العشري
رقم التصنيف 218,61
رقم المادة ش ع ر
100 1# - مدخل رئيسي – اسم شخصي
الاسم الشخصي الشعراوي، محمد متولي
علاقة الشخص بالعمل/ دوره مؤلف.
245 12 - بيان العنوان
العنوان الأنوار الكاشفة لما في كتاب العشماوي من الخطأ والتضليل والمجازفة /
بيان المسؤولية الشيخ المام محمد متولي الشعراوي.
264 31 - بيانات النشر، التوزيع…إلخ
مكان النشر، التوزيع...إلخ القاهرة :
اسم الناشر، الموزع...إلخ مكتبة التراث الإسلامي،
تاريخ النشر، التوزيع...إلخ [بين 1990 و 1999].
300 ## - الوصف المادي
عدد الوحدات المكونة للوعاء 99 صفحة.
650 17 - مدخل إضافي بالموضوع - مصطلح موضوعي
مصطلح موضوعي أو اسم جغرافي كعنصر مدخل الإسلام.
650 17 - مدخل إضافي بالموضوع - مصطلح موضوعي
مصطلح موضوعي أو اسم جغرافي كعنصر مدخل دفع المطاعن عن الإسلام.
942 ## - بيانات إضافية (كوها)
نوع التنصيف Dewey Decimal Classification
نوع المادة (كوها) كتب
المقتنيات
حالة السحب حالة الفقدان مصدر التصنيف حالة التلف غير قابل للإعارة المكتبة الرئيسية المكتبة الحالية موقع الرف تاريخ التزويد الرقم المتسلسل Total Checkouts رقم الإستدعاء الباركود تاريخ آخر ظهور تاريخ الفاتورة نوع المادة (كوها)
    Dewey Decimal Classification     المكتبة المركزية المكتبة المركزية الإعارة 06/07/2004 201029   218,61 / ش ع ر 201029 28/07/2025 06/07/2004 كتب
    Dewey Decimal Classification     مكتبة صويلح العامة مكتبة صويلح العامة الإعارة 29/12/2015 [09246   218,61/شعر PLD00368238 28/07/2025 29/12/2015 كتب
Implemented & Customized by: BBB with SCIT (Smart Chains for Information Technology)

Powered by Koha